| 000 | 00557nam a22001937a 4500 | ||
|---|---|---|---|
| 999 |
_c150967 _d150967 |
||
| 005 | 20230705155429.0 | ||
| 010 | _aENG-122601 ENG-137291 | ||
| 020 |
_a9789386338358 _c299.00 |
||
| 035 | _aEN-106133 EN-120823 | ||
| 037 | _bDBAD/PUB | ||
| 082 | _aN | ||
| 245 |
_aHalf-open windows / _cBy Ganesh Matkari and jerry Pinto |
||
| 260 |
_c2017 _aNew Delhi _bSpeaking Tiger Publishing |
||
| 270 |
_a483/4,Ansari Road,Daryaganj, _bNew Delhi _e110002 |
||
| 300 |
_c21cm(pbk) _a194p. |
||
| 650 | _afiction | ||
| 700 | _aPinto,Jerry | ||
| 942 |
_cEN _2ddc _mHAL _hN |
||